Canción Atlántica : (Record no. 43311)
[ view plain ]
| 000 -CABECERA | |
|---|---|
| campo de control de longitud fija | 01312nam a2200289 a 4500 |
| 001 - NÚMERO DE CONTROL | |
| campo de control | 000043822 |
| 005 - FECHA Y HORA DE LA ÚLTIMA TRANSACCIÓN | |
| campo de control | 20201002045003.0 |
| 008 - DATOS DE LONGITUD FIJA--INFORMACIÓN GENERAL | |
| campo de control de longitud fija | 140506s2003 sp 000 0 spa d |
| 020 ## - NÚMERO INTERNACIONAL ESTÁNDAR DEL LIBRO | |
| Número Internacional Estándar del Libro | 8483108976 |
| 040 ## - FUENTE DE LA CATALOGACIÓN | |
| Centro catalogador/agencia de origen | DO-SdBNP |
| Lengua de catalogación | spa |
| Centro/agencia transcriptor | BNPHU |
| 100 1# - ENTRADA PRINCIPAL--NOMBRE DE PERSONA | |
| Nombre de persona | Padorno, Manuel |
| Fechas asociadas al nombre | 1933-2002 |
| 9 (RLIN) | 71669 |
| 245 10 - MENCIÓN DE TÍTULO | |
| Título | Canción Atlántica : |
| Resto del título | los cuatro libros de poesía 1997-2002 ; Para mayor gloria; Hacia otra realidad; El otro lado ; Fantasía del retorno / |
| Mención de responsabilidad, etc. | Manuel Padorno ; edición Josefina Betancor. |
| 260 ## - PUBLICACIÓN, DISTRIBUCIÓN, ETC. | |
| Lugar de publicación, distribución, etc. | Barcelona : |
| Nombre del editor, distribuidor, etc. | TusQuets, |
| Fecha de publicación, distribución, etc. | 2003. |
| 300 ## - DESCRIPCIÓN FÍSICA | |
| Extensión | 364 p. ; |
| Dimensiones | 22 cm. |
| 490 1# - MENCIÓN DE SERIE | |
| Mención de serie | Marginales |
| Designación de volumen o secuencia | 215 |
| 490 1# - MENCIÓN DE SERIE | |
| Mención de serie | Nuevos textos sagrados |
| 500 ## - NOTA GENERAL | |
| Nota general | Incluye datos biográficos del autor en la solapa |
| 505 0# - NOTA DE CONTENIDO CON FORMATO | |
| Nota de contenido con formato | Para mayor gloria / |
| Mención de responsabilidad | Manuel Perdomo -- |
| Título | Hacia otra realidad / |
| Mención de responsabilidad | Manuel Perdomo -- |
| Título | El otro lado / |
| Mención de responsabilidad | Manuel Perdomo -- |
| Título | Fantasía del retorno / |
| Mención de responsabilidad | Manuel Perdomo -- |
| 563 ## - NOTA DE ENCUADERNACIÓN | |
| Nota de encuadernación | Cuatro obras encuadernada juntas con paginación continuas |
| 700 12 - PUNTO DE ACCESO ADICIONAL--NOMBRE DE PERSONA | |
| Nombre de persona | Perdomo, Manuel |
| Título de la obra | Para mayor gloria |
| 9 (RLIN) | 71670 |
| 700 12 - PUNTO DE ACCESO ADICIONAL--NOMBRE DE PERSONA | |
| Nombre de persona | Perdomo, Manuel |
| Título de la obra | Hacia otra realidad |
| 9 (RLIN) | 71671 |
| 700 12 - PUNTO DE ACCESO ADICIONAL--NOMBRE DE PERSONA | |
| Nombre de persona | Perdomo, Manuel |
| Título de la obra | El otro lado |
| 9 (RLIN) | 71672 |
| 700 12 - PUNTO DE ACCESO ADICIONAL--NOMBRE DE PERSONA | |
| Nombre de persona | Perdomo, Manuel |
| Título de la obra | Fantasía del retorno / |
| 9 (RLIN) | 71673 |
| 700 12 - PUNTO DE ACCESO ADICIONAL--NOMBRE DE PERSONA | |
| Nombre de persona | Betancor, Josefina |
| Término indicativo de función/relación | ed. |
| 9 (RLIN) | 71674 |
| 830 #0 - PUNTO DE ACCESO ADICIONAL DE SERIE-TÍTULO UNIFORME | |
| Título uniforme | Marginales |
| Designación de volumen o secuencia | 215 |
| 9 (RLIN) | 20830 |
| 830 #0 - PUNTO DE ACCESO ADICIONAL DE SERIE-TÍTULO UNIFORME | |
| Título uniforme | Nuevos textos sagrados |
| 9 (RLIN) | 71675 |
| Estado de retiro | Estado de pérdida | Restricciones de uso | No para préstamo | Código de colección | Localización permanente | Ubicación/localización actual | Ubicación en estantería | Fecha de adquisición | Número de inventario | Total de préstamos | Signatura topográfica completa | Código de barras | Fecha visto por última vez | Precio válido a partir de | Tipo de ítem Koha |
|---|---|---|---|---|---|---|---|---|---|---|---|---|---|---|---|
| Excluido de préstamo | Monografías: Libros y Folletos | General | General | En catalogación | 06.05.2014 | LF1 | 43822-10 | 25.06.2020 | 25.06.2020 | No se presta |
